Italian Language Weather - Statistics

General Stats
  • This quiz has been taken 107 times
  • The average score is 12 of 16
Answer Stats
Hint Answer % Correct
fall autunno
96%
sun sole
96%
humid umido
92%
winter inverno
88%
spring primavera
88%
wind vento
88%
weather tempo
81%
summer estate
77%
snow neve
77%
storm tempesta
73%
ice ghiaccio
69%
rain pioggia
69%
lightning fulmine
65%
fog nebbia
65%
thunder tuono
58%
cloud nuvola
50%
No matching quizzes found
Score Distribution
Percent of People with Each Score
Percentile by Number Answered
Your Score History
You have not taken this quiz